Countries that Bordered the Soviet Union - Statistics

General Stats
  • This quiz has been taken 35 times
  • The average score is 12 of 12
Answer Stats
Country % Correct
China
100%
Finland
100%
North Korea
100%
Poland
100%
Turkey
100%
Afghanistan
97%
Hungary
97%
Romania
97%
Iran
94%
Czechoslovakia
91%
Mongolia
91%
Norway
91%
No matching quizzes found
Score Distribution
Percent of People with Each Score
Percentile by Number Answered
Your Score History
You have not taken this quiz